5HLuxD.jpg

KING HENRY VIII SENIOR AND PRIMARY SCHOOL LIBRARY OPAC

Kristy's big day / (Record no. 1719)

000 -LEADER
fixed length control field 00946nam a22003258i 4500
001 - CONTROL NUMBER
control field 022659447
003 - CONTROL NUMBER IDENTIFIER
control field UkOxU
005 - DATE AND TIME OF LATEST TRANSACTION
control field 20230120143000.0
008 - FIXED-LENGTH DATA ELEMENTS--GENERAL INFORMATION
fixed length control field 200601r20201987enk j 000|f|eng|d
015 ## - NATIONAL BIBLIOGRAPHY NUMBER
National bibliography number GBC060322
Source bnb
016 7# - NATIONAL BIBLIOGRAPHIC AGENCY CONTROL NUMBER
Record control number 019799203
Source Uk
020 ## - INTERNATIONAL STANDARD BOOK NUMBER
International Standard Book Number 9780702306310 (pbk.) :
035 ## - SYSTEM CONTROL NUMBER
System control number (Uk)019799203
040 ## - CATALOGING SOURCE
Original cataloging agency StDuBDS
Language of cataloging eng
Description conventions rda
Transcribing agency StDuBDS
Modifying agency KH8
082 04 - DEWEY DECIMAL CLASSIFICATION NUMBER
Classification number 813.6 MAR
Edition number 23
100 1# - MAIN ENTRY--PERSONAL NAME
Personal name Martin, Ann M.,
Dates associated with a name 1955-
Relator term author.
245 10 - TITLE STATEMENT
Title Kristy's big day /
Statement of responsibility, etc. Ann M. Martin.
263 ## - PROJECTED PUBLICATION DATE
Projected publication date 202007
264 #1 - PRODUCTION, PUBLICATION, DISTRIBUTION, MANUFACTURE, AND COPYRIGHT NOTICE
Place of production, publication, distribution, manufacture London :
Name of producer, publisher, distributor, manufacturer Scholastic,
Date of production, publication, distribution, manufacture, or copyright notice 2020.
300 ## - PHYSICAL DESCRIPTION
Extent 1 volume ;
Dimensions 20 cm.
336 ## - CONTENT TYPE
Content type term text
Source rdacontent
337 ## - MEDIA TYPE
Media type term unmediated
Source rdamedia
338 ## - CARRIER TYPE
Carrier type term volume
Source rdacarrier
490 0# - SERIES STATEMENT
Series statement The Babysitters Club 2020 ;
Volume/sequential designation 6
500 ## - GENERAL NOTE
General note TV tie-in.
500 ## - GENERAL NOTE
General note Originally published: 1987.
650 #0 - SUBJECT ADDED ENTRY--TOPICAL TERM
Topical term or geographic name entry element Babysitters Club (Imaginary organization)
Form subdivision Juvenile fiction.
655 #0 - INDEX TERM--GENRE/FORM
Genre/form data or focus term Children's stories.
942 ## - ADDED ENTRY ELEMENTS (KOHA)
Source of classification or shelving scheme
Koha item type Books - Fiction
Holdings
Withdrawn status Lost status Source of classification or shelving scheme Damaged status Not for loan Collection code Permanent Location Current Location Shelving location Date acquired Full call number Barcode Date last seen Price effective from Koha item type Total Checkouts Date last checked out
          Non-Fiction KH8 Primary School Library KH8 Primary School Library Non Fiction 2023-01-20 813.6 MAR KHPL000003477 2025-12-05 2023-01-20 Books - Fiction    
          Non-Fiction KH8 Primary School Library KH8 Primary School Library Non Fiction 2023-01-27 813.6 MAR KHPL000003526 2025-12-05 2023-01-27 Books - Fiction 4 2025-01-08

Powered By KH8 IT Dept